000 00801nam 22002653 4500
001 199910
010 _a85-212-0167-2
021 _aPT
090 _a199910
100 _a20260114d u||y0pory50 ba
101 _apor
102 _aPT
200 _aTermodinâmica
_edos motores térmicos às estruturas dissipativas
_fIlya Prigogine, Dilip Kondepudi
_gtradução Madalena Poole da Costa
210 _aLisboa
_cInstituto Piaget
_dD.L. 2001
215 _a418 p.
_cil. ; brochado
_d25 cm
225 _aCiência e Técnica
_v13
606 _912746
_aFísica
610 _aTermodinâmica
610 _aEnergética
675 _a536.7
_vPT
_zpor
700 _915733
_aPrigogine
_bIlya
_f1917-2003
701 _915734
_aKondepudi
_bDilip
_f1952-
801 _aPT
_bBMMN
_gRPC
830 _cAna
_fAna
990 _cLIVROS